HER SISTER'S DEATH / (Record no. 198122)
[ view plain ]
| 000 -LEADER | |
|---|---|
| fixed length control field | 01669nam a2200313 i 4500 |
| 003 - CONTROL NUMBER IDENTIFIER | |
| control field | OSt |
| 005 - DATE AND TIME OF LATEST TRANSACTION | |
| control field | 20241224121001.0 |
| 008 - FIXED-LENGTH DATA ELEMENTS--GENERAL INFORMATION | |
| fixed length control field | 241224t20222022tnu gr 000 f eng d |
| 020 ## - INTERNATIONAL STANDARD BOOK NUMBER | |
| International Standard Book Number | 9780744307399 |
| Qualifying information | hardback |
| Terms of availability | RM 182.62 |
| 040 ## - CATALOGING SOURCE | |
| Original cataloging agency | PPAK |
| Language of cataloging | eng |
| Transcribing agency | PPAK |
| Description conventions | rda |
| 082 04 - DEWEY DECIMAL CLASSIFICATION NUMBER | |
| Classification number | 813.6 |
| Edition number | 23 |
| 090 00 - LOCALLY ASSIGNED LC-TYPE CALL NUMBER (OCLC); LOCAL CALL NUMBER (RLIN) | |
| Classification number (OCLC) (R) ; Classification number, CALL (RLIN) (NR) | 813.6 |
| Feature heading | MUR |
| Feature heading | G |
| 100 1# - MAIN ENTRY--PERSONAL NAME | |
| Personal name | Murphy, K. L. |
| Fuller form of name | (Kellie Larsen Murphy), |
| Relator term | author. |
| 245 10 - TITLE STATEMENT | |
| Title | HER SISTER'S DEATH / |
| Statement of responsibility, etc. | K. L. MURPHY. |
| 264 #1 - PRODUCTION, PUBLICATION, DISTRIBUTION, MANUFACTURE, AND COPYRIGHT NOTICE | |
| Place of production, publication, distribution, manufacture | Brentwood, Tennessee : |
| Name of producer, publisher, distributor, manufacturer | CamCat Publishing, LLC, |
| Date of production, publication, distribution, manufacture, or copyright notice | 2022 |
| Date of production, publication, distribution, manufacture, or copyright notice | ©2022 |
| 300 ## - PHYSICAL DESCRIPTION | |
| Extent | 336 pages ; |
| Dimensions | 23 cm |
| 336 ## - CONTENT TYPE | |
| Content type term | text |
| Source | rdacontent |
| 337 ## - MEDIA TYPE | |
| Media type term | unmediated |
| Source | rdamedia |
| 338 ## - CARRIER TYPE | |
| Carrier type term | volume |
| Source | rdacarrier |
| 520 ## - SUMMARY, ETC. | |
| Summary, etc. | When her sister is found dead in a Baltimore hotel room, reporter Val Ritter's world is turned upside down. An empty pill bottle at the scene leads the police to believe the cause of death is suicide. With little more than her own conviction, Val teams up with Terry Martin, a retired detective who has his own personal interest in the case, to prove that something more sinister is possible. In 1921, Bridget Wallace, a guest on the brink of womanhood, is getting ready to marry an eligible older man. But what seems like a comfortable match soon takes a dark turn. Does the illustrious history of the stately Franklin hotel hide another, lesser known history of death? |
| 650 10 - SUBJECT ADDED ENTRY--TOPICAL TERM | |
| Topical term or geographic name entry element | Women journalists |
| Form subdivision | Fiction. |
| Topical term or geographic name entry element | Sisters |
| General subdivision | Death |
| Form subdivision | Fiction. |
| Topical term or geographic name entry element | Hotels |
| Form subdivision | Fiction. |
| 651 #0 - SUBJECT ADDED ENTRY--GEOGRAPHIC NAME | |
| Geographic name | Baltimore (Md.) |
| Form subdivision | Fiction. |
| Geographic name | Baltimore (Md.) |
| General subdivision | History |
| Chronological subdivision | 20th century |
| Form subdivision | Fiction. |
| 655 #7 - INDEX TERM--GENRE/FORM | |
| Genre/form data or focus term | Detective and mystery fiction. |
| Source of term | lcgft |
| 942 ## - ADDED ENTRY ELEMENTS (KOHA) | |
| Source of classification or shelving scheme | Dewey Decimal Classification |
| Koha item type | Book |
| Withdrawn | Not for loan | Current library | Shelving location | Date acquired | Total Checkouts | Full call number | Barcode | Date last seen | Date last checked out | Koha item type |
|---|---|---|---|---|---|---|---|---|---|---|
| Perpustakaan Alor Setar | Pinjaman Dewasa | 08/01/2025 | 2 | 813.6 MUR | A01854491 | 16/10/2025 | 02/10/2025 | Book |